000 00997nam a2200205 u 4500
001 000044134
005 20201002045153.0
008 090630s2004 dr acd r 000 0 spa d
040 _aDO-SdBNP
_bspa
_cBNPHU
082 _a352.48
_bC735h,
245 0 0 _aCómo hacer presupuesto participativo :
_bguía y herramientas.
260 _aSanto Domingo :
_bCoalición por Democracia Participativa, Transparencia Municipal y Buen Gobierno Local,
_c2004.
300 _a115 p. :
_bil., gráfcs., retrs. ;
_c23 cm.
500 _aPublicación auspiciada por CONARE, ONFED, FEDOMU y PARME, en el marco de la Coalición por la Democracia Participativa, Transparencia Municipal y Buen Gobierno Local
500 _aPlataforma de la coalición por democracia participativa, transparencia municipal y buen gobierno local
590 _aInventariado, 2018/BT
650 4 _aPresupuesto
_vGUÍAS
_972139
650 4 _aGastos públicos
_zRepública Dominicana
_vGUÍAS
_972140
910 _aValidado. Control de calidad. MFF
999 _c43623
_d43623